| 000 | 01084nas a2200301Ia 4500 | ||
|---|---|---|---|
| 001 | 32 | ||
| 003 | CO-MdFUSB | ||
| 005 | 20170321105719.0 | ||
| 008 | 151030s9999 xxu 000 0 eng d | ||
| 022 | _a0028-6877 | ||
| 037 | _bWeston Jesuit School of Theology & The Catholic Biblical Association of America | ||
| 040 |
_aCO-MdFUSB _bspa _cCO-MdFUSB _dCO-MdFUSB _erda |
||
| 041 | 0 |
_aeng _heng |
|
| 245 | 1 | 0 |
_aNew Testament Abstracts _cWeston Jesuit School of Theology & The Catholic Biblical Association of America |
| 260 | _aMassachusetts | ||
| 264 |
_aEstados Unidos : _bWeston Jesuit School of Theology & The Catholic Biblical Association of America |
||
| 300 |
_aVolumen 40 - 46 _c23 cm. |
||
| 310 |
_aNo aplica _b1996 |
||
| 336 |
_2rdacontent _a1 _ba1 |
||
| 337 |
_2rdamedia _a2 _b5 |
||
| 338 | _a2 | ||
| 362 | _a1996 - 2002 | ||
| 546 | _aTexto en inglés | ||
| 650 | _vPublicaciones seriadas | ||
| 773 | _dMassachusetts, Estados Unidos : Weston Jesuit School of Theology & The Catholic Biblical Association of America, 1996 | ||
| 810 | _hRevista | ||
| 942 |
_cCR _2ddc _a3 |
||
| 999 |
_c49461 _d49461 |
||